El chancellor / (Registro nro. 8542)

Detalles MARC
000 -LIDER
fixed length control field 01250nam a22003617a 4500
001 - NÚMERO DE CONTROL
Identificador de número de control 00147
003 - IDENTIFICACDOR DE NÚMERO DE CONTROL
control field DO-SdBNP
005 - DATE AND TIME OF LATEST TRANSACTION
control field 20171116120641.0
007 - CAMPOS FIJOS DE DESCRIPCIÓN FÍSICA
fixed length control field 00147
008 - ELEMENTOS DE LONGITUD FIJA
fixed length control field 151104b 1986 sp |||| 00| 0 spa d
020 ## - ISBN
International Standard Book Number 8475253237
040 ## - FUENTE DE CATALOGACIÓN
Agencia que crea de manera original el registro BPMSU
Idioma de catalogación spa
Agencia que realiza la transcripción BPMSU
082 #4 - NÚMERO DE CLASIFICACIÓN DECIMAL DE DEWEY
Classification number 843.8
Item number V531ch
092 ## - LOCALLY ASSIGNED DEWEY DECIMAL CALL NUMBER
Número de clasificación
Número de ítem (Cutter)
100 1# - ASIENTO PRINCIPAL -- NOMBRE PERSONAL
Nombre personal Verne, Jules,
Fechas asociadas con el nombre 1828-1905.
245 10 - MENCIÓN DE TITULO
Título El chancellor /
Mención de responsabilidad Jules Verne ; introducción Luis María Brox ; traducción Javier Torrente ; apéndice Constantino Bértolo Cadenas ; ilustración Riou.
260 ## - PUBLICACIÓN, DISTRIBUCIÓN, ETC. (PIE DE IMPRENTA)
Lugar de publicación, distribución, etc Madrid :
Nombre del editor, distribuidor, etc. Ediciones Generales Anaya,
Fecha de publicación, distribución, etc 1986
300 ## - DESCRIPCIÓN FÍSICA
Extensión 254 p. :
Otros detalles físicos il. ;
Dimensiones 20 cm.
490 ## - MENCIÓN DE SERIES
Mención de serie Tus libros ;
-- Marineros
Volume/sequential designation 66
500 ## - NOTA GENERAL
Nota general Incluye referencias bibliográficas y notas al pie de las páginas.
504 ## - NOTA DE BIBLIOGRAFÍA, ETC.
Bibliography, etc Bibliografía : p. 252-254
650 ## - ENCABEZAMIENTO DE MATERIA--TEMÁTICO
Término temático o nombre geográfico como elemento de entrada NOVELA JUVENIL FRANCESA
650 ## - ENCABEZAMIENTO DE MATERIA--TEMÁTICO
Término temático o nombre geográfico como elemento de entrada LITERATURA JUVENIL FRANCESA
700 12 - ASIENTO SECUNDARIO -- NOMBRE PERSONAL
Nombre personal Brox, Luis María,
Mención de responsabilidad introducción
700 12 - ASIENTO SECUNDARIO -- NOMBRE PERSONAL
Nombre personal Torrente, Javier,
Mención de responsabilidad traducción
700 12 - ASIENTO SECUNDARIO -- NOMBRE PERSONAL
Nombre personal Bértolo Cadenas, Constantino
700 12 - ASIENTO SECUNDARIO -- NOMBRE PERSONAL
Nombre personal Riou,
Mención de responsabilidad il.
830 ## - ASIENTO SECUNDARIO DE SERIE--TÍTULO UNIFORME
Título uniforme Tus libros ;
Número de la parte o sección de una obra 66
Nombre de la parte o sección de una obra Marineros
942 ## - ADDED ENTRY ELEMENTS (KOHA)
Source of classification or shelving scheme Dewey Decimal Classification
Koha item type Libros
945 ## - INFORMACIÓN DE PROCESAMIENTO LOCAL
Información de procesamiento local Inventariado extranjero / 2017 VM
956 ## - LOCAL ELECTRONIC LOCATION AND ACCESS (OCLC)
Nombre de host Lorenza Pérez
Número de acceso 10
956 ## - LOCAL ELECTRONIC LOCATION AND ACCESS (OCLC)
Nombre de host VMATEO
Número de acceso 10
Información de compresión 20161027
Trayectoria BPMSU
Nombre Electrónico 0069
Existencias
Withdrawn status Lost status Source of classification or shelving scheme Damaged status Not for loan Collection code Home library Current library Date acquired Source of acquisition Total Checkouts Full call number Barcode Date last seen Price effective from Koha item type
    Dewey Decimal Classification     Colección Juvenil General Biblioteca Pública Metropolitana Salomé Ureña Biblioteca Pública Metropolitana Salomé Ureña 10/27/2016 Donado Fundación Economía y Desarrollo   843.8 V531c BPMSU16100403 10/27/2016 10/27/2016 Libros